Cuatro relatos (Record no. 26031)
[ view plain ]
| 000 -LEADER | |
|---|---|
| campo de control de longitud fija | 00718nam a2200205 i 4500 |
| 001 - NÚMERO DE CONTROL | |
| campo de control | 26031 |
| 003 - IDENTIFICADOR DE NÚMERO DE CONTROL | |
| campo de control | ES-MaACL |
| 005 - FECHA Y HORA DE LA ÚLTIMA TRANSACCIÓN | |
| campo de control | 20230906153356.0 |
| 007 - CAMPO FIJO DE DESCRIPCIÓN FÍSICA--INFORMACIÓN GENERAL | |
| campo de control de longitud fija | t| |
| 008 - DATOS DE LONGITUD FIJA--INFORMACIÓN GENERAL | |
| campo de control de longitud fija | 030107s1959 sp ||||1| spa d |
| 100 1# - ENTRADA PRINCIPAL--NOMBRE DE PERSONA | |
| Nombre de persona | Arteche, José de. |
| 9 (RLIN) | 23442 |
| 245 10 - MENCIÓN DEL TÍTULO | |
| Título | Cuatro relatos |
| Resto del título | : La crónica del cura Areyzaga ; Confidentes en Lastaola ; Un secreto entre dos enemigos ; Viatico en el Palacio Real / |
| Mención de responsabilidad, etc. | José de Arteche. |
| 260 ## - PUBLICACIÓN, DISTRIBUCIÓN, ETC. | |
| Lugar de publicación, distribución, etc. | Pamplona : |
| Nombre del editor, distribuidor, etc. | Gómez, |
| Fecha de publicación, distribución, etc. | [1959] |
| 300 ## - DESCRIPCIÓN FÍSICA | |
| Extensión | 154 p. : |
| Otras características físicas | il. ; |
| Dimensiones | 19 cm. |
| 740 3# - ENTRADA AGREGADA--TÍTULO RELACIONADO/ANALÍTICO NO CONTROLADO | |
| Título relacionado o analítico no controlado | La crónica del cura Areyzaga. |
| 740 0# - ENTRADA AGREGADA--TÍTULO RELACIONADO/ANALÍTICO NO CONTROLADO | |
| Título relacionado o analítico no controlado | Confidentes en Lastaola. |
| 740 3# - ENTRADA AGREGADA--TÍTULO RELACIONADO/ANALÍTICO NO CONTROLADO | |
| Título relacionado o analítico no controlado | Un secreto entre dos enemigos. |
| 740 0# - ENTRADA AGREGADA--TÍTULO RELACIONADO/ANALÍTICO NO CONTROLADO | |
| Título relacionado o analítico no controlado | Viatico en el Palacio Real. |
| 852 ## - LOCALIZACIÓN | |
| Ubicación | ES-MaACL |
| Número de control de estantería | C-17767 |
| Sublocalización o colección | R.44643 |
| Estatus retirado | Estado de pérdida | Estado de daño | No para préstamo | Biblioteca de origen | Biblioteca actual | Ubicación en estantería | Fecha de adquisición | Fuente de adquisición | Total de préstamos | Signatura topográfica completa | Código de barras | Visto por última vez | Precio de reemplazo | Tipo de ítem Koha |
|---|---|---|---|---|---|---|---|---|---|---|---|---|---|---|
| Biblioteca del Ateneo de Madrid | Biblioteca del Ateneo de Madrid | Galería | 17/01/2008 | C-17767 | 1026864 | 23/02/2023 | 23/02/2023 | Libro impreso |
